| 000 | 00673nam a2200205Ii 4500 | ||
|---|---|---|---|
| 003 | JO-AjNU | ||
| 008 | 230605s9999||||xx |||||||||||||| ||und|| | ||
| 017 | _a2005/10/2470 | ||
| 040 |
_aJO-AjNU _bara _erda _cJO-AjNU |
||
| 041 | _aara | ||
| 050 | 1 | 4 | _aBP129 2006 |
| 100 | 3 |
_aتاليف الشقيرات، أحمد عودة الله, _eauthor _913842 |
|
| 245 | 0 | 0 | _aشرح غريب القرآن الكريم |
| 264 | 3 | 1 | _aعمان: المؤلف، 2006 |
| 300 | _a155ص | ||
| 336 |
_atext _btxt _2rdacontent |
||
| 337 |
_aunmediated _bn _2rdamedia |
||
| 338 |
_avolume _bnc _2rdacarrier |
||
| 650 | 4 |
_aالقرآان- اعجاز القران - الفاظ القران _913843 |
|
| 999 |
_aA3550 _c7118 _d7118 |
||